| 000 | 00479nam a2200169 4500 | ||
|---|---|---|---|
| 001 | 4641 | ||
| 005 | 20181127173834.0 | ||
| 020 | 0 | 0 | _a9780330438124 |
| 100 | 0 | 0 | _aCabot, Meg. |
| 245 | 0 | 0 |
_aThe princess diaries : _bMia goes fourth / _cMeg Cabot. _h |
| 300 | 0 | 0 | _a194 p. ; 18 cm, |
| 650 |
_aDiaries. _v _x _y _z _2 |
||
| 650 |
_aIdentity (Psychology). _v _x _y _z _2 |
||
| 650 |
_aMia (Fictitious character) --Fiction. _v _x _y _z _2 |
||
| 650 | 0 | 0 |
_aPrincesses --Fiction. _x |
| 650 | 0 | 0 |
_aPrincesses. _x |
| 999 |
_c3850 _d3850 |
||